000 01164nam a2200289 i 4500
001 37353
003 ES-MaACL
005 20230906155545.0
007 t|
008 030220s1961 sp ||||1| spa d
100 1 _aBuchsbaum, Ralph.
_932311
245 1 4 _aLos invertebrados
_b: (con excepción de los insectos) /
_cpor Ralph Buchsbaum y Lorus J. Milne en colaboración con Mildred Buchsbaum y Margery Milne ; fotografías de Ralph Buchsbaum, Douglas P Wilson ; dibujos de Kenneth Gosner ; traducción de Francisco López Ganivet y Gabriel Farreras Elósegui.
260 _aBarcelona :
_bSeix Barral,
_c1961.
300 _a318 p. :
_bil., 40 lám. ;
_c29 cm.
490 1 _aEl mundo de la naturaleza
650 0 4 _aInvertebrados.
_913891
700 1 _aMilne, Lorus J.
_981288
700 1 _aBuchsbaum, Mildred.
_932310
700 1 _aMilne, Margery.
_981289
700 1 _aWilson, Douglas P.
_9117021
700 1 _aGosner, Kenneth.
_959251
700 1 _aLópez Ganivet, Francisco.
_973655
700 1 _aFarreras Elósegui, Gabriel.
_948898
830 0 _aEl mundo de la naturaleza
_9181711
852 _aES-MaACL
_jG-5218
_bR.47829
999 _c37353
_d37353